Score 0/30 Timer 04:00
0 Plays Today
Quote (B)ane or the (J)oker % Correct
You wanna know how I got these scars????
95.6%
And I thought my jokes were bad.???
92.4%
I broke you. How have you come back????
91.8%
You know, you remind me of my father. I hated my father!???
91.3%
You see, I'm a guy of simple taste.???
91.1%
Do I really look like a guy with a plan????
90.5%
I'm gonna make this pencil disappear.???
90.2%
Why so serious????
89.9%
Peace has cost you your strength! Victory has defeated you!???
89.8%
The shadows betray you, because they belong to me!???
89.1%
Now's not the time for fear. That comes later.???
88.8%
I believe whatever doesn't kill you, simply makes you... stranger.???
87.7%
You don't fear death... You welcome it. Your punishment must be more severe.???
86.6%
If you're good at something, never do it for free.???
84.5%
Our plan is proceeding as expected.???
84.3%
Quote (B)ane or the (J)oker % Correct
See, I'm not a monster. I'm just ahead of the curve.???
82.6%
All you care about is money. This city deserves a better class of criminal. And I'm gonna give it to them!???
82.5%
Hang them where the world can see.???
80.8%
Gotham is yours.???
80.6%
I'm an agent of chaos.???
79.5%
I'm a man of my word.???
79.4%
Speak of the devil and he shall appear.???
73.1%
The only sensible way to live in this world is without rules.???
72%
It doesn't matter who we are, what matters is our plan.???
71.7%
When the chips are down, these... these civilized people, they'll eat each other.???
65.4%
You panicked, and your weakness has cost the lives of three others.???
63%
Do you feel in charge????
61.6%
You have nothing, nothing to threaten me with. Nothing to do with all your strength.???
56.4%
Let the games begin!???
55.9%
Harvey Dent, who has been held up to you as the shining example of justice!???
42.2%

You're not logged in!

Compare scores with friends on all Sporcle quizzes.
OR
Log In

Sporcle TV

Today on Sporcle TV


Watch our educational content, quiz creation guides, and fun videos on Sporcle TV.

Show Comments

Extras

Top Quizzes Today


Score Distribution

Your Account Isn't Verified!

In order to create a playlist on Sporcle, you need to verify the email address you used during registration. Go to your Sporcle Settings to finish the process.

Report this User

Report this user for behavior that violates our Community Guidelines.

Details: